00739cam a2200241 a 4500001000500000005001700005020001800022040002300040050002300063082001200086100002900098245003400127260003600161300005800197490001600255505000800271520010800279521002000387521002000407650003000427650001800457650002200475312220240207140559.0 a9780545303033 aDLCcDLCdDLCbeng00aPZ7.R337645b 200300a823.9141 aReynolds, Peter Hd1961-14aThe dot /c Reynolds, Peter H aNew York :bScholastic , c2003 a28 unnumbered pages : bcolor illustrations ;c20 cm. aCreatrilogy aJ  aVashti believes that she cannot draw, but her art teacher's encouragement leads her to change her mind. a500 bLexile  aJ bRaz-Plus  1aSelf-confidencevFiction. 1aArtvFiction. 1aSchoolsvFiction.